Teuerste Transfers von Bayern München - XXL (Zugänge) - Statistiken

Allgemein
  • Dieses Quiz wurde 465 mal gespielt
    145 seit der letzten Aktualisierung
  • Das Durchschnittsergebnis liegt bei 55 aus 92
Antwortstatistiken
Saison Ablöse
(In Mio €)
von Spieler % Korrekt
23/24 95 Tottenham Harry Kane
100%
25/26 70 Liverpool Luis Díaz
97%
20/21 49 Man City Leroy Sane
96%
24/25 53 Crystal Palace Michael Olise
96%
23/24 50 Neapel Min-jae Kim
95%
19/20 80 Atletico Lucas Hernandez
94%
16/17 35 Dortmund Mats Hummels
94%
13/14 37 Dortmund Mario Götze
93%
12/13 40 Bilbao Javi Martínez
92%
22/23 67 Juventus Matthijs de Ligt
92%
09/10 25 Real Madrid Arjen Robben
91%
11/12 30 Schalke Manuel Neuer
89%
17/18 41,5 Lyon Corentin Tolisso
87%
21/22 42,5 Leipzig Dayot Upamecano
87%
15/16 30 Donezk Douglas Costa
87%
07/08 30 Marseille Franck Ribery
87%
09/10 30 Stuttgart Mario Gomez
87%
22/23 32 Liverpool Sadio Mane
85%
18/19 14 Vancouver Alphonso Davies
82%
24/25 51 Fulham Joao Palhinha
82%
16/17 35 Benfica Renato Sanches
82%
23/24 30 Galatasaray Sacha Boey
82%
13/14 25 Barcelona Thiago
82%
17/18 21 Juventus Kingsley Coman
81%
19/20 35 Stuttgart Benjamin Pavard
80%
06/07 10 Köln Lukas Podolski
73%
15/16 39,25 Juventus Arturo Vidal
71%
17/18 20 Hoffenheim Niklas Süle
71%
12/13 11,8 Basel Xherdan Shaqiri
71%
17/18 13 (L) Real Madrid James Rodriguez
70%
25/26 16,5 Chelsea Nicolas Jackson
70%
22/23 18,5 Amsterdam Ryan Gravenberch
70%
17/18 8 Bremen Serge Gnabry
70%
15/16 8,5 Stuttgart Joshua Kimmich
69%
11/12 13,5 Man City Jerome Boateng
68%
21/22 15 Leipzig Marcel Sabitzer
68%
24/25 23,5 Stuttgart Hiroki Ito
67%
07/08 15 Werder Miro Klose
65%
19/20 8,5 (L) Barcelona Philippe Coutinho
65%
24/25 7 Köln Jonas Urbig
63%
22/23 20 Stade Rennes Mathys Tel
63%
14/15 28 AS Rom Medhi Benatia
63%
02/03 6 Leverkusen Michael Ballack
62%
07/08 11 Florenz Luca Toni
61%
12/13 13 Wolfsburg Mario Mandzukic
61%
03/04 19,75 La Coruna Roy Makaay
59%
14/15 9 Real Madrid Xabi Alonso
58%
12/13 4,7 Gladbach Dante
57%
24/25 13 Granada Bryan Zaragoza
56%
23/24 5 Tel Aviv Daniel Peretz
56%
10/11 17 Hoffenheim Luiz Gustavo
56%
23/24 3,5 (L) Tottenham Eric Dier
55%
97/98 6,5 Stuttgart Giovane Elber
55%
02/03 9,5 Leverkusen Ze Roberto
55%
19/20 5 (L) Inter Mailand Ivan Perisic
53%
04/05 12 Leverkusen Lucio
53%
09/10 11 Zenit Anatoliy Tymoshchuk
51%
07/08 12 Sao Paulo Breno
50%
19/20 3 Hamburg Fiete Arp
50%
14/15 10 Valencia Juan Bernat
50%
98/99 4,25 Gladbach Stefan Effenberg
50%
22/23 9 Gladbach Yann Sommer
49%
15/16 3,5 Stuttgart Sven Ulreich
48%
04/05 9,25 Dortmund Torsten Frings
48%
06/07 8 Hamburg Daniel van Buyten
43%
20/21 8 Marseille Bouna Sarr
42%
06/07 6 Barcelona Mark van Bommel
42%
99/00 5 Club Olimpia Roque Santa Cruz
40%
01/02 7,54 Bremen Claudio Pizarro
39%
07/08 14 Gladbach Marcell Jansen
39%
20/21 9 Esp. Barcelona Marc Roca
39%
11/12 5,5 Genua CFC Rafinha
39%
17/18 13 Hoffenheim Sandro Wagner
39%
96/97 4,1 Bremen Mario Basler
36%
03/04 5 River Plate Martin Demichelis
35%
02/03 9 Hertha Sebastian Deisler
35%
00/01 7,7 Monaco Willy Sagnol
35%
14/15 3 Liverpool Pepe Reina
34%
97/98 4,5 Bilbao Bixente Lizarazu
33%
14/15 3 Gladbach Sinan Kurt
33%
09/10 7,7 Heerenveen Danijel Pranjic
32%
07/08 9 Estudiantes Jose Sosa
32%
19/20 8 Gladbach Michael Cuisance
31%
99/00 6,6 AS Rom Paulo Sergio
30%
92/93 3,75 Dortmund Thomas Helmer
28%
95/96 3,3 Lautern Ciriaco Sforza
26%
05/06 8,5 Bremen Valerien Ismael
25%
01/02 5,5 Hamburg Niko Kovac
24%
01/02 7,5 Leverkusen Robert Kovac
24%
24/25 3,4 Adelaide Nestory Irankunda
20%
99/00 3 Gladbach Patrik Andersson
10%
90/91 3 Uerdingen Brian Laudrup
5%
Keine übereinstimmenden Quizze gefunden
Verteilung der Resultate
Anzahl Personen mit jedem Resultat
Perzentil nach korrekt beantworteten Fragen
Ihre Resultats-Entwicklung
Sie haben dieses Quiz seit der letzten Aktualisierung nicht gespielt